Quizzes
Events
Quiz Creation
Community
Videos
Private Events
Remove Ads
Sign In
Join for FREE
Feedback
Dark Mode
Quiz Categories
Sports
Geography
Music
Movies
Television
Just For Fun
Miscellaneous
History
Literature
Language
Science
Gaming
Entertainment
Religion
Holiday
For Kids
Quiz Lab
Recent
Popular Today
Quiz Kudos Today
Editor Picks
Curator Picks
Quizzes by...
Day
Popularity
Type
Ratings
Length
Year
Community
Subscriptions
Recent Discussions
Orange Saloon
Badges
Playlists
Quests
Create
Leaderboards
Showdown
Live 5
Trivia Bingo
Activity
Puzzle Library
Sporcle Events
Private Events
Virtual Trivia
Globe League
Become a Host
Pub Owners
SporcleCon
Opinionation
Our Games
Videos
Blog
Mobile Apps
Partnerships
Remove Ads and Go Orange
Feedback
Music
Pop Music
The Beatles
Song
Album
Lyrics
Bands
Singers
Artist
Clip
Rock
Rap
Classical
Billboard
Country Music
Kpop
Taylor Swift
Music
Pop Music
The Beatles
Song
Album
Lyrics
Bands
Singers
Artist
Clip
Rock
Rap
Classical
Billboard
Country Music
Kpop
Taylor Swift
Random Quiz
Search Sporcle
×
Quiz Lab
Quiz Lab
Music
Rock
Type in answers that appear in a list
Type in answers that appear in a list
Classic
Best Score? Go Orange.
Bands from Members' Real First Names Stats
Can you name the inductees into the Rock Hall of Fame from the birth first names of the band's members?
By
kbrown73
10m
25 Questions
176 Plays
176 Plays
176 Plays
Comments
Comments
Give Quiz Kudos
Give Quiz Kudos
-
- Ratings
hide this ad
More Info
Forced Order
Answers have to be entered in order
Answers have to be entered in order
Replay
Link that replays current quiz
Next Quiz
Link to next quiz in quiz playlist
You Got
0%
They Got
Avg Score
37%
Avg Friend Score
Upgrade to see
Score Distribution
Jump to the score distribution portion of the page
Score
0/25
Timer
10:00
0
Plays Today
First Names
Band
% Correct
John, Roger , Keith, Peter
The Who
78.4%
George, James, Richard, John
The Beatles
75%
Andrew, Gordon, Stewart
The Police
67.6%
Sigmund, Marlon, Toriano, Michael, Steven, Jermaine
The Jackson 5
64.8%
Lewis, Michael, Ronald, William, Ian, Charles, Michael, Keith
The Rolling Stones
64.2%
Brian, John, Farrokh, Roger
Queen
56.3%
John, John, Robert, James
Led Zeppelin
54%
Florence, Diane, Mary
The Supremes
54%
Dennis, Michael, Carl, Alan, Brian
The Beach Boys
53.4%
Arthur, Paul
Simon and Garfunkel
50%
Lawrence, Paul, David, Adam
U2
38.6%
Peter, John, Eric
Cream
35.8%
Alexander, Samuel, Michael, David, Edward
Van Halen
27.3%
First Names
Band
% Correct
Renaldo, Abdul, Lawrence, Levi
The Four Tops
24.4%
Holmes, John, Lewis, Maureen
The Velvet Underground
22.2%
Isaac and Phillip
The Everly Brothers
21.6%
John, James, Raymond, Robert
The Doors
20.5%
Joseph, Thomas, Stephen, Anthony, Bradley
Aerosmith
20.5%
Michael, David, Raymond, Peter
The Kinks
19.9%
John, Paul, Glen, Stephen, John
The Sex Pistols
19.9%
John, Michael, Peter, William
R.E.M.
18.8%
Joseph, Darryl, Jason
Run-D.M.C.
15.9%
Steven, Declan, Buce, Peter
Elvis Costello and the Attractions
15.3%
Jaime , Mark, Richard, Eric, Richard
The Band
5.7%
Johnny, David, John
The Jimi Hendrix Experience
4.5%
Quiz Playlist
Details
Report
Send in Message
Add To Playlist
More Info:
Birth first names of all inducted members are given.
Classic:
Type in answers that appear in a list
Forced Order:
Answers have to be entered in order
Quiz Source
Last Updated: Feb 16, 2017
Quiz Scoreboard
CHALLENGE
Sign Up to Join the Scoreboard
Show All
Scores
Hide
Comments
May contain spoilers
Recently Published
Billboard Blitz: Fleetwood Mac
by CooCooCachoo
Music
15s
Presidents Visiting Landmarks
by Hejman
History
7m
An Introduction to Baseball
by treessimontrees
Sports
5m
More to Explore
Quiz From the Vault
Featured Blog Post
Where Did the Easter Bunny Come From?
hide this ad
You Might Also Like...
Tags
Bands Quiz
Rock Quiz
birth
fame
hall
inductee
Rock and Roll Hall of Fame
roll
Today's Top Quizzes in Music
Browse Music
hide this ad
Today's Top Quizzes in Rock
Browse Rock
Top Contributed Quizzes in Music
1
Taylor Swift All Songs (2024)
2
Guess the Artist- 70s Songs
3
7-to-1: Billboard Hot 100 #1 Hits of 2010s
4
Sorting Albums and Songs
5
Taylor Swift Logic Puzzle
6
One Thing in Common: Music
7
2010s Album by Cover III
8
KPOP LOGIC QUIZ
9
Guess the Taylor Swift song (Mystery Song)
10
Guess the Artist- 80s Songs
Explore More
Trending Topics
Harry Potter
Crossword
Marvel
Kpop
Anime
NBA
Disney
Soccer
Country
Puzzle
The Office
WWE
Song
Pokémon
NFL
hide this ad
More By:
kbrown73
Quiz
Plays
Rating
Category
Featured
Created
Quick Pick: Red Sox 3+ World Series Wins
6,235
4.39
Just For Fun
Oct 31, 2013
NBA's Best Record, Failed to Win the Title
650
4.43
Sports
May 14, 2010
Saturday Morning Cartoons (Fall 1980)
427
4.33
Television
Apr 27, 2010
All About Aaron Sorkin
278
4.67
Television
Apr 26, 2010
Novel from the Antagonist
211
3.25
Literature
Apr 26, 2010
Go to Creator's Profile
Score Distribution
Quiz Creator Spotlight
kbrown73
Follow
Send a Message
Quizzes Created
-
Created Quiz Play Count
-
More By This Creator
Popular Quizzes Today
1
Find the US States - No Outlines Minefield
2
Find the Countries of Europe - No Outlines Minefield
3
The Countries of the World
4
Find the US States
5
US States
6
Popular People in 1961
7
Risky Map Clicking: Biggest States A-Z
8
Movies - When Are They Set?
More Music Quizzes
Billy Joel Songs
Published
Trending Quizzes
Risky Map Clicking: Least Populous States A-Z
1-10 Letter G Words
1-10 Letter F Words
Risky Map Clicking: Next State Alphabetically
'A' Boys' Names Grid
Recently Updated
Leaping Animals
pecheneg
Reality TV Shows (A-Z)
bhenderson79
Rickey Henderson's Hall of Fame Teammates
pecheneg
Champions League XIs: Arsenal
pecheneg
Quick Pick: Celebrities in WWE's Hall of Fame
aduchscher
A-Z Keypad Blitz II
pecheneg
Multiple Oscar Actors
pecheneg
Mystery Phrase Blitz: Oscar 'Best Actors'
pecheneg
F. Scott Fitzgerald Novels
LTH
Pick 3 Villains
ddd62291
Trending Topics
Disney
Anime
Kpop
Harry Potter
Marvel
Crossword
NBA
Soccer
Country
Pokémon
The Office
NFL
Puzzle
WWE
Song
Your Account Isn't Verified!
In order to create a playlist on Sporcle, you need to verify the email address you used during registration. Go to your
Sporcle Settings
to finish the process.
Report this User
Report this user for behavior that violates our
Community Guidelines
.
Details:
Send Report
Go to the Sporcle.com Mobile Site →
Comments